Quản lý sản xuất và tác nghiệp

Gespeichert in:
Bibliographische Detailangaben
1. Verfasser:  Nguyễn, Văn Nghiến
Format: Sách
Sprache:Undetermined
Veröffentlicht:  Giáo dục Việt Nam  2009
Schlagworte:
Tags: Tag hinzufügen
Keine Tags, Fügen Sie den ersten Tag hinzu!
Thư viện lưu trữ: Trung tâm Thư viện - Trường Đại học Công nghiệp TP. Hồ Chí Minh
LEADER 00535nam a2200157Ia 4500
001 UIH_03430
008 231011s9999 xx 000 0 und d
082 |a  658.5 
100 |a  Nguyễn, Văn Nghiến 
245 0 |a  Quản lý sản xuất và tác nghiệp 
245 0 |c  Nguyễn, Văn Nghiến 
260 |b  Giáo dục Việt Nam 
260 |c  2009 
650 |a  Quản lý sản xuất;  
927 |a Sách 
980 |a Trung tâm Thư viện - Trường Đại học Công nghiệp TP. Hồ Chí Minh